000 00721nam a22002417a 4500
999 _c13820
_d13820
003 AR-CdUCM
008 190416b ||||| |||| 00| 0 spa d
040 _aMUNICIPALIDAD PROVINCIAL DEL CUSCO
_cBIBLIOTECA MUNICIPAL DEL CUSCO
041 _hpor
082 _a868.853 /
_bC24
100 _aCamoes, Luis de
_932374
245 _aLos lusiadas /
260 _aBarcelona :
_bIberia,
_c1952.
300 _a238 páginas ;
_c18.5 cm.
440 _aObras maestras.
_913782
505 _aContenido: Poesías.
650 _aLiteratura
_983
650 _aPoesías portuguesas
_916570
650 _aSiglo XX
_98
700 _aAranda y Sanjuán, Manuel (traducción)
_932375
942 _2ddc
_cLIBROS
945 _aachl
_d2019-04-16